00900nam a22002055i 4500001000700000003000900007005001700016008004100033040002700074100003000101245005500131260009100186300003200277505008000309597001100389752002400400852012500424999001900549952012600568157647ES-MaACL20230906210801.0960320s1866 fr |||| | fre d aCLM bspa cCCPB | SIC1 aLevallois, Jules.912891610aDéisme et christianisme / cpar Jules Levallois. aParis : bGermer Baillière, libraire éditeur, c1866 (fImprimerie de E. Martinet) aXXII, 158, 24 p. ; c19 cm.8 aExtrait du catalogue de obras publicadas por el editor con fecha avril 1877 1aAntep. aFrancia - dParís aES-MaACLjF-12231 z-- Enc. pasta q-- Falto de la secuencia de 24 p.x-- Edic: Corregir T300: Son XXII, 153 p. (no 158) c157647d157647 001040708LIBXIXaATENEOMbATENEOMcSPP2d2008-01-17eSSCl0oF-12231p1164973r2023-02-23 00:00:00w2023-02-23yMONANT